| 000 | 00745nam a2200229 ar4500 | ||
|---|---|---|---|
| 001 | 1370 | ||
| 005 | 20221127090213.0 | ||
| 008 | 090725s xxua 00110 eng d | ||
| 020 |
_a0071117385 : _cSR188.00 |
||
| 020 | _a0071249664 | ||
| 082 | 0 | 4 |
_a658.72 _bP971 2006 |
| 245 | 0 | 0 |
_aPurchasing and supply management : _bwith 50 supply chain cases / Michiel R. Leenders ... [et al.]. |
| 250 | _a13th ed. | ||
| 260 |
_aBoston, Mass. : _bMcGraw-Hill/Irwin, _c2006. |
||
| 300 |
_axix, 564 p. : _bill. ; _c24 cm. |
||
| 440 | 0 | _aMcGraw-Hill/Irwin series in operations and decision sciences | |
| 500 | _aIncludes index. | ||
| 650 | 4 | _aPurchasing. | |
| 650 | 4 | _aMaterials management. | |
| 650 | 4 | _aMarketing channels. | |
| 700 | 0 | _aLeenders, Michiel R. | |
| 999 |
_c1368 _d1368 |
||